PHARMACEUTICS-1 (PRACTICAL NOTE BOOK AS PER ----STUDENT) (Record no. 6147)

MARC details
000 -LEADER
fixed length control field 00451nam a22001697a 4500
005 - DATE AND TIME OF LATEST TRANSACTION
control field 20230112121045.0
008 - FIXED-LENGTH DATA ELEMENTS--GENERAL INFORMATION
fixed length control field 200318b xxu||||| |||| 00| 0 eng d
020 ## - INTERNATIONAL STANDARD BOOK NUMBER
ISBN 9788123914558
041 ## - LANGUAGE CODE
Language code of text/sound track or separate title eng
100 ## - MAIN ENTRY--AUTHOR NAME
Personal name GUPTA ,ASHOK K
245 ## - TITLE STATEMENT
Title PHARMACEUTICS-1 (PRACTICAL NOTE BOOK AS PER ----STUDENT)
Statement of responsibility, etc ASHOK K GUPTA
250 ## - EDITION STATEMENT
Edition statement 1'ST
260 ## - PUBLICATION, DISTRIBUTION, ETC. (IMPRINT)
Place of publication NEW DELHI
Name of publisher CBS PUBLISHERS
Year of publication 207
300 ## - PHYSICAL DESCRIPTION
Number of Pages 207
650 ## - SUBJECT ADDED ENTRY--TOPICAL TERM
Topical Term PHARMCY
General subdivision B.PHARMA
942 ## - ADDED ENTRY ELEMENTS (KOHA)
Koha item type Books
Holdings
Lost status Damaged status Collection code Home library Current library Shelving location Date acquired Source of acquisition Cost, normal purchase price Full call number Accession Number Koha item type
    PHARMACY JRU Library JRU Library Shelf - 27- A 18/03/2020 PURCHASE 295.00 338.4 23800 Books
    PHARMACY JRU Library JRU Library Shelf - 27- A 09/02/2022 PURCHASE 375.00 338.4 26057 Books
    PHARMACY JRU Library JRU Library Shelf - 27- A 09/02/2022 PURCHASE 375.00 338.4 26058 Books
    PHARMACY JRU Library JRU Library Shelf - 27- A 09/02/2022 PURCHASE 375.00 338.4 26059 Books
    PHARMACY JRU Library JRU Library Shelf - 27- A 09/02/2022 PURCHASE 375.00 338.4 26060 Books
    PHARMACY JRU Library JRU Library Shelf - 27- A 09/02/2022 PURCHASE 375.00 338.4 26061 Books
    PHARMACY JRU Library JRU Library Shelf - 27- A 09/02/2022 PURCHASE 375.00 338.4 26062 Books